MARC details
| 000 -CABECERA |
| campo de control de longitud fija |
05157nam a2200457Ia 4500 |
| 001 - NÚMERO DE CONTROL |
| campo de control |
dia_5196 |
| 003 - IDENTIFICADOR DEL NÚMERO DE CONTROL |
| campo de control |
CHAP |
| 005 - FECHA Y HORA DE LA ÚLTIMA TRANSACCIÓN |
| campo de control |
20240902114604.0 |
| 007 - CAMPO FIJO DE DESCRIPCIÓN FÍSICA--INFORMACIÓN GENERAL |
| campo de control de longitud fija |
ta |
| 008 - DATOS DE LONGITUD FIJA--INFORMACIÓN GENERAL |
| campo de control de longitud fija |
220117s2013 mx do fsm 001 0 spa d |
| 010 ## - NÚMERO DE CONTROL DE LA BIBLIOTECA DEL CONGRESO |
| Número de control de LC |
176082 |
| 040 ## - FUENTE DE LA CATALOGACIÓN |
| Centro/agencia transcriptor |
CHAP |
| Centro catalogador/agencia de origen |
mxchpua |
| Normas de descripción |
rda |
| 041 0# - CÓDIGO DE LENGUA |
| Código de lengua del texto/banda sonora o título independiente |
spa |
| Código de lengua del sumario o resumen |
eng |
| 090 ## - LOCALMENTE ASIGNADO TIPO-LC NÚMERO DE CLASIFICACIÓN (OCLC); NÚMERO DE CLASIFICACIÓN LOCAL (RLIN) |
| Número de clasificación (OCLC) (R) ; Numero de clasificación, CALL (RLIN) (NR) |
Tesis |
| Número cutter local (OCLC) ; Número de libro/Signatura topográfica íntegra, CALL (RLIN) |
A58 |
| año |
2013 |
| 100 1# - ENTRADA PRINCIPAL--NOMBRE DE PERSONA |
| Nombre de persona |
Álvarez Castro, Nicte Verenice |
| 240 10 - TÍTULO UNIFORME |
| Título uniforme |
Development of a candy with nutraceutic potential from xoconostle fruit sweetened with neotame. |
| Lenguaje de la obra |
Español |
| 245 10 - MENCIÓN DE TÍTULO |
| Título |
Desarrollo de un dulce con potencial nutraceútico a partir del fruto de xoconostle edulcorado con neotame / |
| Mención de responsabilidad, etc. |
Nicte Verenice Álvarez Castro |
| 264 ## - PRODUCCIÓN, PUBLICACIÓN, DISTRIBUCIÓN, FABRICACIÓN Y COPYRIGHT |
| Producción, publicación, distribución, fabricación y copyright |
Chapingo, México : |
| Nombre del de productor, editor, distribuidor, fabricante |
El autor, |
| Fecha de producción, publicación, distribución, fabricación o copyright |
2013 |
| 300 ## - DESCRIPCIÓN FÍSICA |
| Extensión |
xx, 152 hojas : |
| Otras características físicas |
gráficas, tablas, fotos + |
| Material acompañante/anejo |
1 CD-ROM |
| 336 ## - TIPO DE CONTENIDO |
| Fuente |
rdacontent |
| Término de tipo de contenido |
texto |
| Código de tipo de contenido |
txt |
| 337 ## - TIPO DE MEDIO |
| Fuente |
rdamedia |
| Nombre/término del tipo de medio |
no mediado |
| Código del tipo de medio |
n |
| 338 ## - TIPO DE SOPORTE |
| Fuente |
rdacarrier |
| Nombre/término del tipo de soporte |
volumen |
| Código del tipo de soporte |
nc |
| 502 ## - NOTA DE TESIS |
| Nota de tesis |
Tesis |
| Tipo de título |
(Maestro en Ciencias en Ciencia y Tecnología Agroalimentaria) -- |
| Nombre de la institución que otorga el título |
UACh. Departamento de Ingeniería Agroindustrial, |
| Año de obtención del título |
2013 |
| 504 ## - NOTA DE BIBLIOGRAFÍA, ETC. |
| Nota de bibliografía, etc. |
Incluye bibliografías |
| 520 3# - SUMARIO, ETC. |
| Sumario, etc. |
El xoconostle, fruto del nopal conocido como tuna acida (pH menor a 3.4), pertenece al género Opuntia de la familia cactácea clasificado como Opuntia matudae Sheinvar. Los objetivos de este estudio fueron: desarrollar un dulce a partir de la cáscara del fruto de xoconostle (O. matudae) sin modificar su potencial nutracéutico y mejorar su sabor con neotame; determinar el efecto del tiempo de edulcorado y concentración de neotame sobre la cinética de secado convectivo y por liofilización; determinar el efecto de la concentración de neotame en el contenido de fenoles totales (FT) y la actividad antioxidante (AA) del producto obtenido; evaluar el efecto de la liofilización sobre la actividad antioxidante; determinar la dosis mínima de neotame para edulcorar las muestras; evaluar el efecto del consumo de cáscara de xoconostle sobre la glucosa en sangre, insulina y triglicéridos séricos. El proceso de secado se caracterizó con el método de Geankoplis (1998). Los FT se cuantificaron con el método Folin-Ciocalteu y la AA se evaluó con el método de DPPH (2,2-difenil-1picrilhidracilo). Se empleó el método del estímulo constante para la evaluación sensorial de las muestras. El tiempo de edulcorado no disminuyó el tiempo de secado convectivo. La concentración de neotame disminuyó el tiempo de liofilización, el contenido de fenoles y actividad antioxidante. La liofilización no afectó la actividad antioxidante de cáscara no edulcorada. La concentración mínima de neotame fue de 0.032 g de neotame L-1. Se realizó un estudio clínico en sujetos sanos. El consumo en dosis única de la cáscara de xoconostle, no tuvo efecto antihiperglucemiante, no aumentó la concentración de insulina y no disminuyó los niveles de triglicéridos séricos. |
| 520 3# - SUMARIO, ETC. |
| Sumario, etc. |
Xoconostle, nopal fruit known as acid prickly fruit (pH lower than 3.4), belongs to the genera Opuntia from the cactaceae family and it is classified as Opuntia matudae Scheinvar. The aims of this study were: to develop a candy from the skin of xoconostle fruit (O. matudae) without modifying its nutritional potential and improve its flavor with neotame; to determine the effect of the concentration of neotame in the total content of phenols (FT) and the antioxidant activity (AA) of the obtained product; to evaluate the effect of freeze drying on the antioxidant activity; to determine the minimum dose of neotame to sweeten the samples; to evaluate the effect of xoconostle skin consumption on the level of glucose in blood, insulin and triglycerides in serum. The drying process was characterized with the method of Geankoplis (1998). FT were quantified with the method of FolinCiocalteu and the AA with the DPPH method (2,2-diphenyl-1-picrylhydracyle). The method of continuous stimulation was used for the sensory evaluation of the samples. The time for sweetening did not cause the decrease of the time of convective drying. The neotame concentration decreased freeze drying time, phenol content and antioxidant activity. The freeze drying process did not affect the antioxidant activity in unsweetened skin. The minimum neotame concentration was 0.032 g neotame L-1. The clinical study was performed in healthy subjects. The consumption in single dose of xoconostle skin did not have antihyperglycemic effect, the insulin concentration did not increased and the serum triglyceride levels did not decrease. |
| 650 13 - PUNTO DE ACCESO ADICIONAL DE MATERIA--TÉRMINO DE MATERIA |
| Término de materia o nombre geográfico como elemento de entrada |
Xoconostle |
| Fuente del encabezamiento o término |
atg |
| 650 13 - PUNTO DE ACCESO ADICIONAL DE MATERIA--TÉRMINO DE MATERIA |
| Término de materia o nombre geográfico como elemento de entrada |
Golosinas |
| Fuente del encabezamiento o término |
atg |
| Subdivisión general |
Valor nutritivo |
| 650 13 - PUNTO DE ACCESO ADICIONAL DE MATERIA--TÉRMINO DE MATERIA |
| Término de materia o nombre geográfico como elemento de entrada |
Candy |
| Fuente del encabezamiento o término |
atg |
| Subdivisión general |
Nutritive value |
| 700 1# - PUNTO DE ACCESO ADICIONAL--NOMBRE DE PERSONA |
| Nombre de persona |
Corrales García, José Joel Enrique |
| Término indicativo de función/relación |
director |
| 700 1# - PUNTO DE ACCESO ADICIONAL--NOMBRE DE PERSONA |
| Nombre de persona |
García Mateos, Ma. del Rosario |
| Término indicativo de función/relación |
asesora |
| 700 1# - PUNTO DE ACCESO ADICIONAL--NOMBRE DE PERSONA |
| Nombre de persona |
Hernández Montes, Arturo |
| Término indicativo de función/relación |
asesor |
| 700 1# - PUNTO DE ACCESO ADICIONAL--NOMBRE DE PERSONA |
| Nombre de persona |
Peña Valdivia, Cecilia Beatriz |
| Término indicativo de función/relación |
asesora |
| 856 41 - LOCALIZACIÓN Y ACCESO ELECTRÓNICOS |
| Identificador Uniforme del Recurso |
<a href="http://10.13.5.2/tesis/sist108825.pdf">http://10.13.5.2/tesis/sist108825.pdf</a> |
| Texto de enlace |
DESCARGAR PDF |
| 901 ## - ELEMENTOS DE DATOS A LOCAL LDA (RLIN) |
| a |
TESIS A58 2013 |
| 942 ## - ELEMENTOS DE PUNTO DE ACCESO ADICIONAL (KOHA) |
| Tipo de ítem Koha |
TESIS |
| Fuente del sistema de clasificación o colocación |
Clasificación Universidad Autónoma Chapingo |
| 902 ## - ELEMENTOS DE DATOS B LOCAL, LDB (RLIN) |
| a |
M |
| 905 ## - ELEMENTOS DE DATOS E LOCAL, LDE (RLIN) |
| a |
5232272013 mx l 8222223322spa16 |